000 004430000a22001810004500
003 MACL
005 20160124125615.0
008 160124b xxu||||| |||| 00| 0 eng d
040 _aMACL
_cMACL
041 _aEnglish
082 _a591/KUR
100 _aKurl, Dr S P
_934474
245 _aObjective Zoology
260 _bJai Prakash Nath Publications
_c1991
_aMeerut
350 _a190
650 _aAnimals
_934476
942 _cBK
_k591/KUR
_2ddc
999 _c33172
_d33172